| 000 | 00700nam a2200217Ia 4500 | ||
|---|---|---|---|
| 003 | GCL | ||
| 008 | 140319s9999 xx 000 0 ara d | ||
| 040 |
_aGCL / _cGCL |
||
| 082 | 0 | 4 |
_a240 _bا ش |
| 100 | 1 | _aالقاضى على بن على بن محمد بن ا | |
| 245 | 1 | 0 |
_aشرح العقيدة الطحاوية / _cالقاضى على بن على بن محمد بن ا |
| 700 | 1 | _aعبدالله عبدالمحسن التركى | |
| 700 | 1 | _aشعيب الارنؤوط | |
| 260 |
_a[S.N] : _bمؤسسة الرسالة ، _c1992 |
||
| 300 | _a872ص | ||
| 490 | _a | ||
| 650 | 0 | 4 | _aالعقائد |
| 650 | 0 | 4 | _aالدين الاسلامى |
| 650 | 0 | 4 | _aالعبادات |
| 942 |
_2ddc _cBK |
||
| 999 |
_c27864 _d27864 |
||